At last, tenants get the breaks (Record no. 74957)
[ view plain ]
| 000 -LEADER | |
|---|---|
| fixed length control field | 01138cam a2200241 4500 |
| 001 - CONTROL NUMBER | |
| control field | ABS68839 |
| 008 - FIXED-LENGTH DATA ELEMENTS--GENERAL INFORMATION | |
| fixed length control field | 050321n2005 000 0 eng u |
| 035 ## - SYSTEM CONTROL NUMBER | |
| System control number | (Sirsi) u129118 |
| 100 ## - MAIN ENTRY--PERSONAL NAME | |
| Personal name | Hull, M. |
| 245 ## - TITLE STATEMENT | |
| Title | At last, tenants get the breaks |
| 260 ## - PUBLICATION, DISTRIBUTION, ETC. | |
| Date of publication, distribution, etc. | 2005 |
| 490 ## - SERIES STATEMENT | |
| Series statement | Estates Gazette |
| Volume/sequential designation | (0509) 5 March 2005, 186(1) |
| 520 ## - SUMMARY, ETC. | |
| Summary, etc. | Discusses the key findings of "Monitoring the 2002 code of practice for commercial leases : final report" (J128921). Lease terms for commercial lettings have continued to become more flexible, the main areas being lease terms, tenant break options, rent reviews and repairs. Concludes that the UK leasing system has changed dramatically over the last 15 years and landlords and tenants can look at alternative lease structures to find something better suited to their needs. |
| 590 ## - LOCAL NOTE (RLIN) | |
| Local note | KA |
| 650 ## - SUBJECT ADDED ENTRY--TOPICAL TERM | |
| Topical term or geographic name entry element | CODE FOR LEASING BUSINESS PREMISES IN ENGLAND AND WALES |
| 650 ## - SUBJECT ADDED ENTRY--TOPICAL TERM | |
| Topical term or geographic name entry element | RENT REVIEWS |
| 650 ## - SUBJECT ADDED ENTRY--TOPICAL TERM | |
| Topical term or geographic name entry element | BUSINESS TENANCIES |
| 650 ## - SUBJECT ADDED ENTRY--TOPICAL TERM | |
| Topical term or geographic name entry element | UPWARD ONLY RENT REVIEWS |
| 650 ## - SUBJECT ADDED ENTRY--TOPICAL TERM | |
| Topical term or geographic name entry element | COMMERCIAL LEASES |
| 650 ## - SUBJECT ADDED ENTRY--TOPICAL TERM | |
| Topical term or geographic name entry element | LEASE TERMS |
| 690 ## - LOCAL SUBJECT ADDED ENTRY--TOPICAL TERM (OCLC, RLIN) | |
| Topical term or geographic name as entry element | LANDLORD AND TENANT-BUSINESS TENANCIES |
| 942 ## - ADDED ENTRY ELEMENTS (KOHA) | |
| Suppress in OPAC | 0 |
| Withdrawn status | Lost status | Source of classification or shelving scheme | Damaged status | Not for loan | Home library | Current library | Shelving location | Date acquired | Total Checkouts | Full call number | Barcode | Date last seen | Copy number | Price effective from | Koha item type |
|---|---|---|---|---|---|---|---|---|---|---|---|---|---|---|---|
| Dewey Decimal Classification | London | London | Journal article | 21/03/2005 | ABS68839 | 129118-1001 | 06/08/2019 | 1 | 06/08/2019 | Journal article |